Every IPL team winner (2008-2025) - Statistics

General Stats
  • This quiz has been taken 22 times
  • The average score is 7 of 8
Answer Stats
Trophies Team % Correct
5 CSK
94%
5 MI
94%
1 RCB
88%
1 SRH
81%
1 DC
75%
1 GT
75%
3 KKR
75%
1 RR
75%
No matching quizzes found
Score Distribution
Percent of People with Each Score
Percentile by Number Answered
Your Score History
You have not taken this quiz